| 000 | 02180nam0a2200361 i 4500 | ||
|---|---|---|---|
| 001 | RU\NLR\BIBL_A\011210108 | ||
| 005 | 20240921180005.0 | ||
| 010 |
_a9785859054718 _91000 |
||
| 021 |
_aRU _b2016-64356 _94109 |
||
| 035 | _a(NILC)RuMoRGB-008593642 | ||
| 035 | _a(NLR Aleph) 011210108 | ||
| 090 |
_a11967386 _c11967386 |
||
| 100 | _a20160908d2016 um y0rusy50 ca | ||
| 101 | 0 | _arus | |
| 102 | _aRU | ||
| 105 | _aa|||j|||000yy | ||
| 200 | 1 |
_aТехнические характеристики и эксплуатация вспомогательного транспорта шахт _eучебное пособие для студентов горных вузов, обучающихся по направлению "Горные машины и оборудование" и по специальности "Подземная разработка месторождений полезных ископаемых" _fА. В. Ремезов, А.А. Хорешок, С.В. Новоселов [и др.] |
|
| 210 |
_aКемерово _cАзия-Принт _d2016 |
||
| 215 |
_a194 с. _cил., цв. ил. _d20 |
||
| 300 | _aНа 4-й с. обл. авт.: А. В. Ремезов, д.т.н., проф., А.А. Хорешок, д.т.н., С.В. Новоселов, к.э.н., акад. Междунар. акад. наук, экологии и безопасности | ||
| 320 | _aБиблиогр.: с. 149-151 (26 назв.) | ||
| 606 | 1 |
_aРудничный транспорт вспомогательный _jУчебные издания для высших учебных заведений _91554938 _3RU\NLR\AUTH\66980144 |
|
| 675 | _a622.4/.6 | ||
| 686 | 1 | _aИ166-5-049я73-1 | |
| 701 | 1 |
_aРемезов _bА. В. _gАнатолий Владимирович |
|
| 701 | 1 |
_aХорешок _bА. А. _gАлексей Алексеевич |
|
| 701 | 1 |
_aНовоселов _bС. В. _cканд. экон. наук _f1960- _gСергей Вениаминович _9190349 _3RU\NLR\AUTH\770190400 |
|
| 801 | 0 |
_aRU _bРГБ _c20160818 _gRCR |
|
| 801 | 2 |
_aRU _bРГБ _c20160823 _grcr |
|
| 942 | _cBOOK | ||
| 980 | _aNBR | ||